Accounting for leaseholders monies: RICS response (Record no. 118123)
[ view plain ]
| 000 -LEADER | |
|---|---|
| fixed length control field | 01296cam a2200265 4500 |
| 001 - CONTROL NUMBER | |
| control field | WB@3612-573 |
| 008 - FIXED-LENGTH DATA ELEMENTS--GENERAL INFORMATION | |
| fixed length control field | 041005n2004 000 0 eng u |
| 035 ## - SYSTEM CONTROL NUMBER | |
| System control number | (Sirsi) u127627 |
| 245 ## - TITLE STATEMENT | |
| Title | Accounting for leaseholders monies: RICS response |
| 260 ## - PUBLICATION, DISTRIBUTION, ETC. | |
| Date of publication, distribution, etc. | 2004 |
| 490 ## - SERIES STATEMENT | |
| Series statement | RICS News Service |
| Volume/sequential designation | 28 September 2004 (1) |
| 520 ## - SUMMARY, ETC. | |
| Summary, etc. | RICS has responded to the ODPM consultation "Accounting for leaseholders monies and summaries of tenants rights and obligations". The regulations will affect both managing agents and leaseholders involved in Right to Manage companies. The response lists RICS principal concerns including the imposition of setting up separate accounts, the handling of multiple bank accounts by current software systems and the introduction of a criminal sanction for failure to present all papers to lessees within a six month period. http://www.rics.org/Property/Leaseholdproperty/lea seholdmonies.htm |
| 590 ## - LOCAL NOTE (RLIN) | |
| Local note | WB |
| 590 ## - LOCAL NOTE (RLIN) | |
| Local note | WB |
| 650 ## - SUBJECT ADDED ENTRY--TOPICAL TERM | |
| Topical term or geographic name entry element | LEASEES |
| 650 ## - SUBJECT ADDED ENTRY--TOPICAL TERM | |
| Topical term or geographic name entry element | ACCOUNTS |
| 650 ## - SUBJECT ADDED ENTRY--TOPICAL TERM | |
| Topical term or geographic name entry element | RIGHT TO MANAGE |
| 650 ## - SUBJECT ADDED ENTRY--TOPICAL TERM | |
| Topical term or geographic name entry element | SERVICE CHARGES |
| 650 ## - SUBJECT ADDED ENTRY--TOPICAL TERM | |
| Topical term or geographic name entry element | LEASEHOLDERS MONIES |
| 650 ## - SUBJECT ADDED ENTRY--TOPICAL TERM | |
| Topical term or geographic name entry element | TENANTS OBLIGATIONS |
| 650 ## - SUBJECT ADDED ENTRY--TOPICAL TERM | |
| Topical term or geographic name entry element | TENANTS' RIGHTS |
| 650 ## - SUBJECT ADDED ENTRY--TOPICAL TERM | |
| Topical term or geographic name entry element | COMMONHOLD AND LEASEHOLD REFORM ACT 2002 |
| 690 ## - LOCAL SUBJECT ADDED ENTRY--TOPICAL TERM (OCLC, RLIN) | |
| Topical term or geographic name as entry element | LANDLORD AND TENANT-LEASEHOLD REFORM |
| 942 ## - ADDED ENTRY ELEMENTS (KOHA) | |
| Suppress in OPAC | 0 |
| Withdrawn status | Lost status | Source of classification or shelving scheme | Damaged status | Not for loan | Home library | Current library | Shelving location | Date acquired | Total Checkouts | Full call number | Barcode | Date last seen | Copy number | Price effective from | Koha item type |
|---|---|---|---|---|---|---|---|---|---|---|---|---|---|---|---|
| Dewey Decimal Classification | London | London | News article | 05/10/2004 | WB4038-14 | 127627-1001 | 06/08/2019 | 1 | 06/08/2019 | News article |